000 00395nam a2200133Ia 4500
008 230312s9999||||xx |||||||||||||| ||und||
082 _a891.4
_bMAN-M
100 _aپروفیسر ڈاکٹر منظور الحق
245 0 _aمطالب القرآن فی درس الفرقان
260 _bادارہ طلوع اسلام
_apak
_c2003
300 _a334
650 _aUrdu Literature
942 _cBK
999 _c13813
_d13813